Statistics for Animal Trivia #1

Click here to take the quiz!

General Stats

  • This quiz has been taken 120 times
  • The average score is 3 of 5

Answer Stats

QuestionAnswer% Correct
Which is the biggest species in the world?Whales
97%
Which mammal is known to have the most powerful bite in the world?Hippopotamus
88%
What is the only mammal that can’t jump?Elephant
56%
How long does it take for a sloth to digest its meal?2 weeks
43%
How far can a wolf smell its prey?2 miles
25%

Score Distribution

Percentile by Number Answered

Percent of People with Each Score

Your Score History

You have not taken this quiz